000 00517nam a2200181Ia 4500
008 140626s9999 xx 000 0 und d
100 _aMerriman.
245 _aMonte Carlo simulations of two dimensional hard particle binary mixtures /
_cMerriman ... [et al.].
260 _cc2011.
300 _a2 : 3, page 25
440 _aComputers in Education Journal
521 _aIT
650 _aComputer modeling.
650 _aEngineering.
650 _aMechanics.
650 _aMontecarlo methods.
942 _cSE
999 _c120918
_d120918